000 00418nam a2200157Ia 4500
008 180921t2021 xxu||||| |||| 00| 0 eng d
041 _aeng
080 _a8-31
_bSHA
100 _aShanta, K. Sunil.tr.Hemasiri Perera
245 _aThe Flavor of Slavery! : Story of The Bitter Brew
260 _bs.n.
_as.i.
_c2021
300 _a21cm, 222p.
942 _cBK
999 _c10393
_d10393
003 LK-CoDNM
040 _aLK-CoDNM
_dLK-CoDNM
_eLK-CoDNM